000 01751cam a22003015a 4500
999 _c27341
_d27312
005 20201203141648.0
008 170714t2017 paua frbf 001 0 eng d
020 _a9780323477826
040 _aIDEBK
_beng
_cIDEBK
_dN$T
_dUk
_dEG-ScBUE
_dEG-ScBUE
082 0 4 _a617.605
_bDIA
_222
245 0 0 _aDiagnostic imaging :
_boral and Maxillofacial /
_cLisa J. Koenig ... [et al.].
246 3 _aOral and Maxillofacial
250 _32nd ed.
260 _aPhiladelphia, PA :
_bElsevier,
_cc.2017.
300 _a1 v. (various pagings) :
_bill. (some col.) ;
_c28 cm.
490 0 _aDiagnostic Imaging
500 _aIncludes QR code to redeem your eBook.
504 _aIncludes bibliographical references and index.
520 _aBridging the gap between dentistry and medical radiology, this up-to-date volume covers the anatomic zones, imaging modalities, patient conditions, and presenting clinical signs and symptoms shared by dentistry and medicine. Written by oral and maxillofacial radiologists specifically for those using CT or CBCT technology, this unique title not only offers a dentist’s perspective on oral and maxillofacial imaging, but also benefits radiologists in the head and neck field. Dr. Lisa Koenig and her expert author team provide carefully updated information in a concise, bulleted format, keeping you current with recent advances in oral and maxillofacial radiology.
650 7 _aMouth
_xSurgery
_vHandbooks, manuals, etc.
_2BUEsh
650 7 _aMaxilla
_xSurgery
_vHandbooks, manuals, etc.
_2BUEsh
_935959
650 7 _aFace
_xSurgery
_vHandbooks, manuals, etc.
_2BUEsh
651 _2BUEsh
653 _cApril2019
700 1 _aKoenig, Lisa J.
856 4 _3Full access
_uhttps://expertconsult.inkling.com/redeem/
942 _2ddc